|
|
|
|
| LEADER |
01468nas a2200253 a 4500 |
| 001 |
000118167 |
| 003 |
CZ BrMZK |
| 005 |
20030512112003.0 |
| 008 |
010907u1996 pl pol d |
| 022 |
|
|
|a 0238-6440
|
| 040 |
|
|
|a BOA001
|b cze
|
| 245 |
0 |
0 |
|a Auto-Technika Motoryzacyjna
|
| 260 |
|
|
|a Warszawa :
|b S I M A D Spolka
|
| 300 |
|
|
|a ^^^sv. ;
|c 30 cm
|
| 310 |
|
|
|a 1x měsíčně
|
| 653 |
0 |
|
|a technologie
|
| 910 |
|
|
|a BOA001
|b TK-Č-0056.005
|r 1997-2000
|s 46-49
|
| 990 |
|
|
|a SE
|
| 996 |
6 |
|
|b 2610129976
|c TK-Č-0056.005
|d 2000 1-12
|y 2000
|l Stud. periodik/2.patro
|r DEP / do 15 dnů
|n 0
|p kup
|h H309/2
|w 000118167
|u 000060
|a 240
|e BOA001
|j MZK50
|s P
|
| 996 |
6 |
|
|b 2620010362
|c TK-Č-0056.005
|d 1997 46 1-6
|v 46
|i 1
|y 1997
|l Stud. periodik/2.patro
|r DEP / do 15 dnů
|n 0
|p kup
|h H309/2
|w 000118167
|u 000010
|a 240
|e BOA001
|j MZK50
|s P
|
| 996 |
6 |
|
|b 2620010363
|c TK-Č-0056.005
|d 1997 46 7-12
|v 46
|i 2
|y 1997
|l Stud. periodik/2.patro
|r DEP / do 15 dnů
|n 0
|p kup
|h H309/2
|w 000118167
|u 000020
|a 240
|e BOA001
|j MZK50
|s P
|
| 996 |
6 |
|
|b 2620013860
|c TK-Č-0056.005
|d 1998 47 1-6
|v 47
|i 1
|y 1998
|l Stud. periodik/2.patro
|r DEP / do 15 dnů
|n 0
|p kup
|h H309/2
|w 000118167
|u 000030
|a 240
|e BOA001
|j MZK50
|s P
|
| 996 |
6 |
|
|b 2620013861
|c TK-Č-0056.005
|d 1998 47 7-12
|v 47
|i 2
|y 1998
|l Stud. periodik/2.patro
|r DEP / do 15 dnů
|n 0
|p kup
|h H309/2
|w 000118167
|u 000040
|a 240
|e BOA001
|j MZK50
|s P
|
| 996 |
6 |
|
|b 2620016370
|c TK-Č-0056.005
|d 1999 48 1-3
|v 48
|i 1
|y 1999
|l Stud. periodik/2.patro
|r DEP / do 15 dnů
|n 0
|p kup
|h H309/2
|w 000118167
|u 000050
|a 240
|e BOA001
|j MZK50
|s P
|